000 00901nam a2200253Ia 4500
003 OSt
005 20220918111917.0
006 a|||||r|||| 00| 0
007 ta
008 220915b |||||||| |||| 00| 0 hin d
024 _a160321
037 _cTextbook
040 _bhin
_aARTS
_cARTS
041 _ahin
082 _aO111:gM22, 152L7
100 _aरामसेवक सिंह
245 0 _aआलोचक मैथ्यू आर्नल्ड
246 _aĀlochak maithyū ārnalḍa
260 _aदिल्ली
_bआलेख प्रकाशन भारत
_c1977
490 _aपाश्चात्य काव्यशास्त्र गं्रथमाला; 2
650 _aअंग्रेजी साहित्य
942 _hO111:gM22, 152L7
_cTB
_2CC
999 _c117164
_d117164